| 000 | 00655nam a2200217Ia 4500 | ||
|---|---|---|---|
| 003 | GCL | ||
| 008 | 140319s9999 xx 000 0 ara d | ||
| 020 | _a8102703977 | ||
| 040 |
_aGCL / _cGCL |
||
| 082 | 0 | 4 |
_a621.1 _bر ب |
| 100 | 1 | _aرمضان احمد محمود | |
| 245 | 1 | 0 |
_aالبخار واستخداماته / _cرمضان احمد محمود |
| 260 |
_aالقاهرة : _bمنشاة المعارف ، _c2002 |
||
| 300 |
_a478 ص ؛ _c24 سم |
||
| 650 | 0 | 4 | _aالبخار |
| 650 | 0 | 4 | _aالمراجل |
| 650 | 0 | 4 | _aالطاقة البخارية |
| 650 | 0 | 4 | _aالمياه - شبكات |
| 650 | 0 | 4 | _aضغط البخار |
| 942 |
_2ddc _cBK |
||
| 999 |
_c5459 _d5459 |
||